000 00331nam a2200145Ia 4500
100 _aBassett/J
650 _aChemistry
942 _cBK
654 _aquantitative
245 _aVogets textbook of quantitative inorganic analysis
260 _bLongman
_alLondon
_c1982
082 _a545
_bBAS
300 _a925
546 _aENGLISH
999 _c28927
_d28927